
Library Catalogue

| 000 -LEADER | |
|---|---|
| fixed length control field | 00904cam a22002054a 4500 |
| 005 - DATE AND TIME OF LATEST TRANSACTION | |
| control field | 20260511072641.0 |
| 008 - FIXED-LENGTH DATA ELEMENTS--GENERAL INFORMATION | |
| fixed length control field | 110511s2011 njua b 001 0 eng d |
| 020 ## - INTERNATIONAL STANDARD BOOK NUMBER | |
| International Standard Book Number | 9789814295383 (hbk.) |
| 082 04 - DEWEY DECIMAL CLASSIFICATION NUMBER | |
| Classification number | 332.63221 POI |
| 100 1# - MAIN ENTRY--PERSONAL NAME | |
| Personal name | Poitras, Geoffrey |
| 245 10 - TITLE STATEMENT | |
| Title | Valuation of equity securities : |
| Remainder of title | history, theory and application / |
| Statement of responsibility, etc. | Geoffrey Poitras |
| 260 ## - PUBLICATION, DISTRIBUTION, ETC. | |
| Place of publication, distribution, etc. | London : |
| Name of publisher, distributor, etc. | World Scientific Publishing, |
| Date of publication, distribution, etc. | 2011. |
| 300 ## - PHYSICAL DESCRIPTION | |
| Extent | x, 753 p. : |
| Other physical details | ill. ; |
| Dimensions | 24 cm. |
| 365 ## - TRADE PRICE | |
| Price amount | RS. 5,010.00 |
| 505 ## - Contents | |
| Contents | 1. The Philosophy of Equity Valuation 2. History of Equity Securities 3. Modern Equity Security Valuation 4. Discounted Cash Flow Models 5. Stochastic Theories of Equity Value 6. Technical Analysis Demystified 7. Fundamental Analysis for Equity Securities 8. Resource Companies: Oil Sands Producers |
| 650 #0 - SUBJECT ADDED ENTRY--TOPICAL TERM | |
| Topical term or geographic name entry element | Stocks |
| 650 #0 - SUBJECT ADDED ENTRY--TOPICAL TERM | |
| Topical term or geographic name entry element | Corporation |
| 650 #0 - SUBJECT ADDED ENTRY--TOPICAL TERM | |
| Topical term or geographic name entry element | Valuation of Equity. |
| 942 ## - ADDED ENTRY ELEMENTS (KOHA) | |
| Source of classification or shelving scheme | Dewey Decimal Classification |
| Koha item type | BOOKs |
| Withdrawn status | Lost status | Source of classification or shelving scheme | Damaged status | Not for loan | Home library | Current library | Shelving location | Date acquired | Cost, normal purchase price | Total Checkouts | Full call number | Barcode | Date last seen | Price effective from | Koha item type |
|---|---|---|---|---|---|---|---|---|---|---|---|---|---|---|---|
| Dewey Decimal Classification | NLS | NLS | General Stacks | 30/05/2017 | 2481.50 | 332.63228 KUM | 34192 | 30/05/2017 | 30/05/2017 | BOOKs |